| 000 | 00688nam a22002177a 4500 | ||
|---|---|---|---|
| 999 |
_c11843 _d11843 |
||
| 003 | AR-CdUCM | ||
| 008 | 190405b ||||| |||| 00| 0 spa d | ||
| 040 |
_aMUNICIPALIDAD PROVINCIAL DEL CUSCO _cBIBLIOTECA MUNICIPAL DEL CUSCO |
||
| 082 |
_aC / 869.56 / _bOS81 |
||
| 100 |
_aOsorio, Juan Alberto _96571 |
||
| 245 |
_aLa nueva poesía peruana selección y notas : _bAntología / |
||
| 260 |
_aCusco : _bEdiciones Elemento, _c1967. |
||
| 300 |
_a21 páginas ; _c16 cm. |
||
| 500 | _aTexto a dos filas. | ||
| 505 | _aContenido: Poesías. | ||
| 650 |
_aPoesía Cusqueña _92323 |
||
| 650 |
_aSiglo XX _98 |
||
| 650 |
_aLiteratura _983 |
||
| 942 |
_2ddc _cLIBROS |
||
| 945 |
_aachl _d2019-04-05 |
||